000 00693nam a2200241 i 4500
001 bg
100 1 _aMACNIAK, Henryk
245 1 0 _aVademecum wyceny maszyn i urządzeń /
_cHenryk Macniak, Zygmunt Makowicz.
260 _aGdańsk :
_bOśrodek Doradztwa i Doskonalenia Kadr,
_c1998.
300 _a107 s. :
_bfot. kolor., 1 wykr. ;
_c24 cm.
504 _aBibliogr. s. 107.
650 9 _aMaszyny
_xceny
650 9 _aŚrodki trwałe
_xceny
655 _aPoradniki
700 1 _aMAKOWICZ, Zygmunt
020 _a8371871643
040 _cBPK
041 0 _apl
080 _a338.5:658.2:62-1/-8.003
920 _a83-71871-64-3
942 _cKS
008 s pl f |000 0 pol
999 _c35837
_d35837
856 _uhttp://koha.tu.koszalin.pl/cgi-bin/koha/opac-detail.pl?biblionumber=35837
_yKatalog online BPK